<?xml version="1.0" encoding="UTF-8"?>
<record
    xmlns:xsi="http://www.w3.org/2001/XMLSchema-instance"
    xsi:schemaLocation="http://www.loc.gov/MARC21/slim http://www.loc.gov/standards/marcxml/schema/MARC21slim.xsd"
    xmlns="http://www.loc.gov/MARC21/slim">

  <leader>00421nam a22001457a 4500</leader>
  <datafield tag="082" ind1=" " ind2=" ">
    <subfield code="a">620.103</subfield>
    <subfield code="b">RLA</subfield>
    <subfield code="c">L-5, P-11</subfield>
  </datafield>
  <datafield tag="100" ind1=" " ind2=" ">
    <subfield code="a">William f. riley</subfield>
    <subfield code="9">40621</subfield>
  </datafield>
  <datafield tag="245" ind1=" " ind2=" ">
    <subfield code="a">Engineerin mechanics statics</subfield>
    <subfield code="c">F. riley, william</subfield>
  </datafield>
  <datafield tag="260" ind1=" " ind2=" ">
    <subfield code="a">New York</subfield>
    <subfield code="b">Jhon wiley &amp; sons, inc</subfield>
  </datafield>
  <datafield tag="300" ind1=" " ind2=" ">
    <subfield code="a">xix, 600p.</subfield>
    <subfield code="b">ill.</subfield>
  </datafield>
  <datafield tag="526" ind1=" " ind2=" ">
    <subfield code="a">0</subfield>
    <subfield code="b">0</subfield>
    <subfield code="c">0</subfield>
    <subfield code="d">620_103000000000000_RLA</subfield>
  </datafield>
  <datafield tag="650" ind1=" " ind2=" ">
    <subfield code="a">MCE</subfield>
    <subfield code="9">379</subfield>
  </datafield>
  <datafield tag="700" ind1=" " ind2=" ">
    <subfield code="a">Leroy D. sturges</subfield>
    <subfield code="9">40622</subfield>
  </datafield>
  <datafield tag="942" ind1=" " ind2=" ">
    <subfield code="2">ddc</subfield>
    <subfield code="c">BK</subfield>
  </datafield>
  <datafield tag="999" ind1=" " ind2=" ">
    <subfield code="c">544878</subfield>
    <subfield code="d">544878</subfield>
  </datafield>
  <datafield tag="952" ind1=" " ind2=" ">
    <subfield code="0">0</subfield>
    <subfield code="1">0</subfield>
    <subfield code="2">ddc</subfield>
    <subfield code="4">0</subfield>
    <subfield code="7">0</subfield>
    <subfield code="a">MCE</subfield>
    <subfield code="b">MCE</subfield>
    <subfield code="d">2014-05-14</subfield>
    <subfield code="l">2</subfield>
    <subfield code="o">620.103 RLA</subfield>
    <subfield code="p">MCE-28415</subfield>
    <subfield code="r">2017-02-08</subfield>
    <subfield code="s">2016-12-22</subfield>
    <subfield code="w">2014-05-14</subfield>
    <subfield code="y">BK</subfield>
  </datafield>
</record>
